College Accounting (Record no. 3753)

MARC details
005 - DATE AND TIME OF LATEST TRANSACTION
control field 20250611121003.0
020 ## - INTERNATIONAL STANDARD BOOK NUMBER
International Standard Book Number 978-0-07-337944-9
082 ## - DEWEY DECIMAL CLASSIFICATION NUMBER
Classification number 657WIL
100 ## - MAIN ENTRY--PERSONAL NAME
Author name Wild J. John
245 ## - TITLE STATEMENT
Title College Accounting
250 ## - EDITION STATEMENT
Edition statement 5th Ed.
260 ## - PUBLICATION, DISTRIBUTION, ETC.
Place of publication, distribution, etc. New york
Name of publisher, distributor, etc. McGraw-Hill/Irwin
Date of publication, distribution, etc. 2008
300 ## - PHYSICAL DESCRIPTION
Extent xxxiv, 845p ill, picture, table, diagram
Other physical details Appendix, Index
Dimensions 29cm
700 ## - ADDED ENTRY--PERSONAL NAME
Other authors/Editors Richardson J. Vernon, Shaw W. Ken
856 ## - ELECTRONIC LOCATION AND ACCESS
Link text Access Online Book
Electronic name College Accounting
Path www.mhhe.com/wildCA
942 ## - ADDED ENTRY ELEMENTS (KOHA)
Source of classification or shelving scheme Dewey Decimal Classification
Koha item type Books
Holdings
Date last seen Total checkouts Full call number Barcode Cost, replacement price Price effective from Koha item type Lost status Source of classification or shelving scheme Damaged status Not for loan Withdrawn status Home library Current library Shelving location Date acquired Cost, normal purchase price
06/11/2025   657WIL DOM000779 555000.00 06/11/2025 Books   Dewey Decimal Classification       CBE Dodoma CBE Dodoma General Collection 02/17/2010 185000.00
06/27/2025   657 WIL DOM000248 555000.00 06/27/2025 Books   Dewey Decimal Classification       CBE Dodoma CBE Dodoma General Collection 02/17/2010 185000.00
06/27/2025   657 WIL DOM000488 555000.00 06/27/2025 Books   Dewey Decimal Classification       CBE Dodoma CBE Dodoma General Collection 02/17/2010 185000.00
06/27/2025   657 WIL DOM000497 555000.00 06/27/2025 Books   Dewey Decimal Classification       CBE Dodoma CBE Dodoma General Collection 02/17/2010 185000.00
06/27/2025   657 WIL DOM000193 555000.00 06/27/2025 Books   Dewey Decimal Classification       CBE Dodoma CBE Dodoma General Collection 02/17/2010 185000.00